Southville International School and Colleges
Your cart is empty.
  • Cart
  • Lists
    Public lists Eva Luna New books Lux_list list_1
    Your lists Log in to create your own lists
  • Log in to your account
  • Your cookies
  • Search history
Southville International School and Colleges
  • Advanced search
  • Recent comments
  • Most popular
  • Libraries

Log in to your account

Log in with GOOGLE


If you do not have an external account, but do have a local account, you can still log in:

  1. Home
  2. MARC view: Financial services technology TradFi, Fintech and DeFi /
Normal view MARC view ISBD view

Financial services technology TradFi, Fintech and DeFi / (Record no. 368088)

[ view plain ]
MARC details
000 -LEADER
fixed length control field 00807nam a22002297a 4500
003 - CONTROL NUMBER IDENTIFIER
control field 0
005 - DATE AND TIME OF LATEST TRANSACTION
control field 20250925084143.0
008 - FIXED-LENGTH DATA ELEMENTS--GENERAL INFORMATION
fixed length control field 250925b xxu||||| |||| 00| 0 eng d
020 ## - INTERNATIONAL STANDARD BOOK NUMBER
International Standard Book Number 978-981-5244-74-8
050 ## - LIBRARY OF CONGRESS CALL NUMBER
Classification number HG 1710
Item number .D87 2025
100 ## - MAIN ENTRY--PERSONAL NAME
Personal name Duran, Randall E.,
Relator term author.
245 ## - TITLE STATEMENT
Title Financial services technology TradFi, Fintech and DeFi /
Statement of responsibility, etc Randall E. Duran.
250 ## - EDITION STATEMENT
Edition statement Third edition.
260 ## - PUBLICATION, DISTRIBUTION, ETC. (IMPRINT)
Place of publication, distribution, etc Singapore :
Name of publisher, distributor, etc Cengage Learning Asia Pte Ltd,
Date of publication, distribution, etc 2025.
300 ## - PHYSICAL DESCRIPTION
Extent xxi, 838 pages :
Other physical details colored illustrations ;
Dimensions 26 cm.
504 ## - BIBLIOGRAPHY, ETC. NOTE
Bibliography, etc Includes bibliographical references and index.
650 ## - SUBJECT ADDED ENTRY--TOPICAL TERM
Topical term or geographic name as entry element Financial services industry
General subdivision Technological innovations.
650 ## - SUBJECT ADDED ENTRY--TOPICAL TERM
Topical term or geographic name as entry element Financial technology.
650 ## - SUBJECT ADDED ENTRY--TOPICAL TERM
Topical term or geographic name as entry element Banks and banking
General subdivision Automation.
650 ## - SUBJECT ADDED ENTRY--TOPICAL TERM
Topical term or geographic name as entry element Blockchain (Technology).
942 ## - ADDED ENTRY ELEMENTS (KOHA)
Source of classification or shelving scheme Library of Congress Classification
Koha item type Books
Holdings
Withdrawn status Lost status Source of classification or shelving scheme Damaged status Home library Current library Shelving location Date acquired Source of acquisition Sub Shelving location Total Checkouts Full call number Barcode Date last seen Price effective from Koha item type
    Library of Congress Classification   College Library College Library Reserve Section 06/04/2025 Library Fund     HG 1710 .D87 2025 C25199 09/25/2025 09/25/2025 Books

Financial services technology TradFi, Fintech and DeFi /

APA

Duran R. E., . (2025). Financial services technology TradFi, Fintech and DeFi. Singapore: Cengage Learning Asia Pte Ltd.

Chicago

Duran Randall E, . 2025. Financial services technology TradFi, Fintech and DeFi. Singapore: Cengage Learning Asia Pte Ltd.

Harvard

Duran R. E., . (2025). Financial services technology TradFi, Fintech and DeFi. Singapore: Cengage Learning Asia Pte Ltd.

MLA

Duran Randall E, . Financial services technology TradFi, Fintech and DeFi. Singapore: Cengage Learning Asia Pte Ltd. 2025.

  • Place hold
  • Print
  • Cite
  • Add to your cart (remove)
  • Save record
    BIBTEX Dublin Core MARCXML MARC (non-Unicode/MARC-8) MARC (Unicode/UTF-8) MARC (Unicode/UTF-8, Standard) MODS (XML) RIS
  • More searches
    Search for this title in:
    Other Libraries (WorldCat) Other Databases (Google Scholar) Online Stores (Bookfinder.com) Open Library (openlibrary.org)

Exporting to Dublin Core...

SOUTHVILLE LIBRARY

Southville International School and Colleges Library

1281 Tropical Ave. Cor. Luxembourg St., BF Homes International, Las Pinas City

Tel. No. 8256374 / 252358 Loc. 117/146

Powered by Koha